U.S. Cities - Sudden Death - Statistics

General Stats
  • This quiz has been taken 965 times
    355 since last reset
  • The average score is 12 of 25
Answers on the Grid
Answers color-coded by a green-red scale on the quiz's grid according to % correct below.
Albuquerque
Alexandria
Antofagasta
Athens
Boise
Boston
Cambridge
Cartagena
Chicago
Cincinnati
Cologne
Dallas
Dublin
Durban
Edmonton
Hammerfest
Honolulu
Houston
Innsbruck
Jackson
Lagos
Las Vegas
Liverpool
Lubumbashi
Mexicali
Milan
Minneapolis
Moscow
Nashville
Nassau
New York City
Orlando
Philadelphia
Port Blair
Portland
Porto Alegre
Sacramento
San Francisco
Sana'a
St. Louis
St. Paul
St. Petersburg
Sydney
Tallahassee
Tampa
Topeka
Toronto
Tulsa
Tucson
Wellington
 
Answer Stats
Answer % Correct
Albuquerque
86%
Boston
65%
New York City
58%
Chicago
57%
Dallas
56%
Cincinnati
53%
Las Vegas
53%
Houston
50%
Nashville
50%
San Francisco
50%
Orlando
48%
Portland
48%
Honolulu
47%
Boise
46%
Minneapolis
46%
Sacramento
46%
St. Louis
46%
Philadelphia
44%
Jackson
42%
Tallahassee
41%
Tampa
41%
St. Paul
37%
Tucson
37%
Topeka
36%
Tulsa
35%
No matching quizzes found
Score Distribution
Percent of People with Each Score
Percentile by Number Answered
Your Score History
You have not taken this quiz since the last reset